000 00720nam a2200241 i 4500
001 66615
003 ES-MaACL
005 20250830095353.0
007 t|
008 021011s2002 sp ||||0| spa d
020 _a84-88159-17-X
040 _aM-BN
_bspa
_cM-BN
080 _a321.01
080 _a327:17
100 1 _aCencillo, Luis.
_937397
245 1 3 _aEl Estado sin dolor
_b: principios de la nueva justicia internacional /
_cLuis Cencillo.
260 _a[Madrid] :
_bSyntagma,
_c[2002]
300 _a564 p. ;
_c21 cm.
650 1 7 _aEstado
_2embne
_912523
650 1 4 _aRelaciones internacionales-
_xAspectos morales.
_916784
852 _aES-MaACL
_jL-27088
_bR.132642
999 _c66615
_d66615